| 000 | 00742nam a22002177a 4500 | ||
|---|---|---|---|
| 003 | OSt | ||
| 005 | 20140310181920.0 | ||
| 008 | 130718t xxu||||| |||| 00| 0 eng d | ||
| 020 | _a9781857923698 | ||
| 050 |
_aBP 565 _b.J66 1998 |
||
| 082 |
_aTR 241.52 _bJ63 1998 |
||
| 100 |
_aJohnson, Sarah Knights _91598 |
||
| 245 |
_aThe maker's instructions : _bhelping children to explore and understand teh ten commandements / _ctext by Sarah Knights Johnson; illustrations by Ron Wheeler. |
||
| 260 |
_aScotland, Great Britain : _bChristian, _cc1998. |
||
| 300 |
_a40 p. : _bill. ; _c20 cm. |
||
| 521 | _aFaculty | ||
| 541 | _j1 | ||
| 562 | _e1 | ||
| 650 |
_aCommandements , ten. _xstudy and teaching _91599 |
||
| 942 |
_2lcc _cBK-TR _kTR |
||
| 999 |
_c6967 _d6967 |
||